| 000 | 00456nam a2200133 a 4500 | ||
|---|---|---|---|
| 008 | 120416s1948 ||||||||||||||||| || u | ||
| 050 | _aTA 645 Mor | ||
| 100 | _aMorley, Arthur | ||
| 245 | 1 | 0 | _aTheory of structures |
| 260 |
_aLondon _bLongman _c1948 |
||
| 300 | _avi, 617p. : ill. | ||
| 350 | _a0.00 | ||
| 995 |
_D0.00 _FCBU-MAIN LIBRARY (Kitwe) _H1 _I2.95 _M1 _UAVAILABLE _ZMain Library Open Access Collection |
||
| 999 |
_c59798 _d59798 |
||